A farewell to arms

Tác phẩm đã được dịch ra tiếng Việt với tựa đề: " Giã từ vũ khí "

Đã lưu trong:
書目詳細資料
主要作者: Ernest Hemingway
格式: 圖書
語言:Undetermined
出版: New York Charles Scribner's Sons 1957
主題:
標簽: 添加標簽
沒有標簽, 成為第一個標記此記錄!
Thư viện lưu trữ: Trung tâm Học liệu Trường Đại học Cần Thơ
LEADER 00646nam a2200193Ia 4500
001 CTU_13698
008 210402s9999 xx 000 0 und d
082 |a 813.52 
082 |b H488f 
100 |a Ernest Hemingway 
245 2 |a A farewell to arms 
245 0 |c Ernest Hemingway 
260 |a New York 
260 |b Charles Scribner's Sons 
260 |c 1957 
520 |a Tác phẩm đã được dịch ra tiếng Việt với tựa đề: " Giã từ vũ khí " 
650 |a american fiction - 20th century 
904 |i Nguyễn Quang Điền, 961212 
980 |a Trung tâm Học liệu Trường Đại học Cần Thơ